| 000 | 00500nam a22001817a 4500 | ||
|---|---|---|---|
| 999 |
_c525236 _d525236 |
||
| 003 | NUST | ||
| 005 | 20190628113457.0 | ||
| 020 | _c(Hbk) | ||
| 038 | _aM. Shaban | ||
| 082 |
_a297 _bSID |
||
| 100 |
_aSadique, Zaheer Ahamd _915981 |
||
| 245 |
_aSama wa mosiqi taswf mein / _cZaheer Ahamd Sadique |
||
| 260 |
_aLahore : _bAli Freed Printer, _c2010. |
||
| 300 | _a114 p. ; | ||
| 880 | _6ڈاکٹرظہیراحمدصدیقی | ||
| 880 | _6سماع و موسیقی تصوف میں / | ||
| 942 |
_2ddc _cBK |
||